Προοπτικές ανάπτυξης της βιολογικής ελαιοκαλλιέργειας στο Νομό Ρεθύμνου : [μεταπτυχιακή διατριβή]

Αποθηκεύτηκε σε:
Λεπτομέρειες βιβλιογραφικής εγγραφής
Κύριος συγγραφέας: Ηλιάκη, Ευαγγελία
Συγγραφή απο Οργανισμό/Αρχή: Πανεπιστήμιο Αιγαίου Σχολή Περιβάλλοντος Τμήμα Περιβάλλοντος Πρόγραμμα Μεταπτυχιακών Σπουδών Γεωργία και Περιβάλλον
Άλλοι συγγραφείς: Δούμα, Κατερίνα (dgsf)
Μορφή: Thesis Βιβλίο
Γλώσσα:Greek
Δημοσίευση: 2012.
Θέματα:
Διαθέσιμο Online:http://hdl.handle.net/11610/15249
Ετικέτες: Προσθήκη ετικέτας
Δεν υπάρχουν, Καταχωρήστε ετικέτα πρώτοι!

MARC

LEADER 00000cam a2200000 i 4500
001 1/35837
008 130829s2012 gr | ||| |||| ||gre||
035 |l 10115529 
040 |a GR-MyUa  |b gre  |e AACR2  
041 0 |a gre 
082 7 |a 338.1   |2 (22) 
100 1 |a Ηλιάκη, Ευαγγελία. 
245 1 0 |a Προοπτικές ανάπτυξης της βιολογικής ελαιοκαλλιέργειας στο Νομό Ρεθύμνου :   |b [μεταπτυχιακή διατριβή] /   |c Ηλιάκη Ευαγγελία ; επιβλέπων καθηγητής: Δημητρακόπουλος Παναγιώτης, συνεπίβλεψη: Δούμα Κατερίνα.  
260 |c 2012.  
300 |a 107 σ. :   |b πίν. ;   |c 30 εκ.  
500 |a Βιβλιογραφία: σ. 94-100.  
502 |a Διατριβή (μεταπτυχιακή) – Πανεπιστήμιο Αιγαίου, Λέσβος, 2012. 
650 0 |a Organic farming  |z Greece  |z Rethymno (Municipality) 
650 0 |a Agriculture  |z Greece  |z Rethymno (Municipality) 
650 0 |a Dissertations, Academic  |z Greece. 
700 1 |a Δούμα, Κατερίνα,  |e dgsf 
700 1 |a Δημητρακόπουλος, Παναγιώτης Γ.  |e dgs 
710 2 |a Πανεπιστήμιο Αιγαίου  |b Σχολή Περιβάλλοντος  |b Τμήμα Περιβάλλοντος  |b Πρόγραμμα Μεταπτυχιακών Σπουδών Γεωργία και Περιβάλλον. 
852 |a INST  |b LESVOS  |c DIATR  |e 20130829  |h 463  |p 005100052874  |q 005100052874  |t MTXE  |y 23 
852 |a INST  |b LESVOS  |c DIATR  |e 20130829  |h 463  |p 005100052895  |q 005100052895  |t MTXE  |y 23 
856 |u http://hdl.handle.net/11610/15249 
901 |a BIBL1-2013-2 
924 |a ΗΛΙΑΚΗ  |b ΕΥΑΓΓΕΛΙΑ  |y Λέσβος  |z 2013-01 
970 |a ΤΖΑΦΕΡΗ  |b ΕΥΑΓΓΕΛΙΑ  |z 2013/09/11